| 000 -LEADER |
| fixed length control field |
00754nam a22002057a 4500 |
| 001 - CONTROL NUMBER |
| control field |
12497 |
| 003 - CONTROL NUMBER IDENTIFIER |
| control field |
BD-DhUAP |
| 005 - DATE AND TIME OF LATEST TRANSACTION |
| control field |
20201111123356.0 |
| 008 - FIXED-LENGTH DATA ELEMENTS--GENERAL INFORMATION |
| fixed length control field |
201111s2006 bg a|||| b||| 00| 0 ben d |
| 020 ## - INTERNATIONAL STANDARD BOOK NUMBER |
| International Standard Book Number |
9844104165 |
| 040 ## - CATALOGING SOURCE |
| Original cataloging agency |
BD-DhUAP |
| Language of cataloging |
Ben |
| Transcribing agency |
BD-DhUAP |
| Modifying agency |
BD-DhUAP |
| 082 ## - DEWEY DECIMAL CLASSIFICATION NUMBER |
| Edition number |
23 |
| Classification number |
709 ALA |
| 100 ## - MAIN ENTRY--PERSONAL NAME |
| Personal name |
আলম, রফিকুল। |
| 245 ## - TITLE STATEMENT |
| Title |
পাশ্চাত্য শিল্পের ইতিহাস / |
| Statement of responsibility, etc. |
রফিকুল আলম। |
| 260 ## - PUBLICATION, DISTRIBUTION, ETC. |
| Place of publication, distribution, etc. |
ঢাকা : |
| Name of publisher, distributor, etc. |
মাওলা ব্রাদার্স, |
| Date of publication, distribution, etc. |
২০০৬। |
| 300 ## - PHYSICAL DESCRIPTION |
| Extent |
১২৬ পৃষ্ঠা : |
| Other physical details |
চিত্র ; |
| Dimensions |
২২ সেমি.। |
| 504 ## - BIBLIOGRAPHY, ETC. NOTE |
| Bibliography, etc. note |
গ্রন্থপঞ্জি সম্বলিত। |
| 650 ## - SUBJECT ADDED ENTRY--TOPICAL TERM |
| Topical term or geographic name entry element |
Art. |
| 942 ## - ADDED ENTRY ELEMENTS (KOHA) |
| Source of classification or shelving scheme |
|
| Koha item type |
Book |